000 00270nam a2200133 i 4500
001 bg
245 0 _aSzkolenie obronne.
260 _aWarszawa,
_c1979.
040 _cBPK
041 _apol
080 _a001
942 _cKS
008 s pl f |000 0 pol
999 _c18569
_d18569
856 _uhttp://koha.tu.koszalin.pl/cgi-bin/koha/opac-detail.pl?biblionumber=18569
_yKatalog online BPK